[Event "Santiago CC Aj Talcahuano-A"]
[Site "Santiago de Chile"]
[Date "2003.08.??"]
[Round "?"]
[White "Navarro, Nelson"]
[Black "Pinochet, Raul"]
[Result "1-0"]
[WhiteElo "2350"]
[BlackElo "2145"]
[PlyCount "67"]
[EventDate "2003.08.??"]
[EventType "tourn"]
[EventRounds "11"]
[EventCountry "CHI"]
[EventCategory "3"]
[SourceTitle "EXT 2009"]
[Source "ChessBase"]
[SourceDate "2008.11.26"]
[SourceVersion "1"]
[SourceVersionDate "2008.11.26"]
[SourceQuality "1"]

1. d4 Nf6 2. Nf3 g6 3. Nc3 Bg7 4. e4 d6 5. Be2 0-0 6. 0-0 Bg4 7. Be3 Nc6 8. d5 Bxf3 9. Bxf3 Ne5 10. Be2 c6 11. f4 Ned7 12. dxc6 bxc6 13. Qd3 Qa5 14. a3 c5 15. Rad1 Rab8 16. Bc1 Rfc8 17. Qh3 Qc7 18. Kh1 c4 19. g4 e6 20. g5 Ne8 21. f5 Bxc3 22. fxe6 fxe6 23. Qxe6+ Kh8 24. bxc3 Ng7 25. Qxd6 Qxd6 26. Rxd6 Nb6 27. Be3 Ne8 28. Bd4+ Kg8 29. Re6 Rb7 30. a4 Rf7 31. a5 Rxf1+ 32. Bxf1 Kf7 33. axb6 Kxe6 34. Bh3+ 1-0

[Event "Pan American-chT"]
[Site "Cascavel"]
[Date "1996.??.??"]
[Round "4"]
[White "Cubas, Jose Fernando"]
[Black "Pinochet, Raul"]
[Result "1-0"]
[WhiteElo "2165"]
[BlackElo "2085"]
[PlyCount "91"]
[EventDate "1996.01.??"]
[EventType "team"]
[EventRounds "7"]
[EventCountry "ARG"]
[SourceTitle "EXT 1998"]
[Source "ChessBase"]
[SourceDate "1997.11.17"]
[SourceVersion "1"]
[SourceVersionDate "1997.11.17"]
[SourceQuality "1"]

1. e4 d6 2. d4 Nf6 3. Nc3 g6 4. f4 Bg7 5. Nf3 c5 6. dxc5 Qa5 7. Bd3 Qxc5 8. Qe2 0-0 9. Be3 Qa5 10. 0-0 Bg4 11. h3 Bxf3 12. Qxf3 Nc6 13. a3 Nd7 14. Bd2 Qb6+ 15. Kh1 Nc5 16. b4 Nxd3 17. Qxd3 Qd4 18. Qe2 Qb6 19. Rad1 Rac8 20. Nd5 Qd8 21. Qd3 e6 22. Ne3 Qc7 23. c4 a5 24. Bc3 axb4 25. axb4 Bxc3 26. Qxc3 f6 27. f5 Ne5 28. fxe6 Qe7 29. Rd5 Qxe6 30. Rfd1 Nxc4 31. Nxc4 b5 32. R1d4 Rxc4 33. Rxc4 bxc4 34. Qxc4 Rc8 35. Qd3 Rc1+ 36. Kh2 Re1 37. b5 Rxe4 38. b6 Rb4 39. Rb5 d5 40. Rxb4 Qd6+ 41. Kh1 Qxb4 42. Qxd5+ Kg7 43. Qd7+ Kh6 44. Qc7 f5 45. b7 f4 46. Kh2 1-0